000 01274cab a2200301 4500
001 ABS38309
008 090401t1987 xxu||||| |||| 00| 0 eng d
035 _a(Sirsi) u9896
041 _aeng
100 _aHarwood, M.
245 2 _aA structural survey of negligent reports
260 _c1987
350 _a0
490 _aModern Law Review
_v50(5) September 1987, 588-602(15)
520 _aA critical article which examines the use of the contributary negligence argument against housebuyers who do not obtain an independent survey as well as the compulsory building society valuation during a house purchase transaction. Deplores the use of disclaimer clauses in survey reports and valuations, referring to relevant case law throughout. Pays particular attention to the details of Yianni v Edwin Evans and Sons , QBD 1981, Abstract 28867.
650 _aBUILDING DEFECTS
650 _aHOUSEBUYERS REPORTS
650 _aLONDON AND SOUTH OF ENGLAND BUILDING SOCIETY V STONE
650 _aMORTGAGES
650 _aNEGLIGENCE
650 _aSTEVENSON V NATIONWIDE BUILDING SOCIETY
650 _aSTRUCTURAL SURVEYS
650 _aSURVEYORS
650 _aUNFAIR CONTRACT TERMS ACT 1977
690 _aPROFESSIONAL PRACTICE
942 _n0
948 _c04/03/1997
999 _c6224
_d6224